(Registro nro. 3376)
[ vista simple ]
| 000 -CABECERA | |
|---|---|
| campo de control de longitud fija | 02386nam a22002777a 4500 |
| 003 - IDENTIFICADOR DEL NÚMERO DE CONTROL | |
| campo de control | AR-RoIUNI |
| 005 - FECHA Y HORA DE LA ÚLTIMA TRANSACCIÓN | |
| campo de control | 20161011103458.0 |
| 007 - CAMPO FIJO DE DESCRIPCIÓN FÍSICA--INFORMACIÓN GENERAL | |
| campo de control de longitud fija | ta |
| 008 - DATOS DE LONGITUD FIJA--INFORMACIÓN GENERAL | |
| campo de control de longitud fija | 161011s2000 ag |||||r|||| 00| 0 spa d |
| 020 ## - NÚMERO INTERNACIONAL ESTÁNDAR DEL LIBRO | |
| Número Internacional Estándar del Libro | 987900678x |
| 040 ## - FUENTE DE LA CATALOGACIÓN | |
| Centro/agencia transcriptor | |
| 080 ## - NÚMERO DE LA CLASIFICACIÓN DECIMAL UNIVERSAL | |
| Número de la Clasificación Decimal Universal | 159.9:140 |
| 100 1# - ENTRADA PRINCIPAL--NOMBRE DE PERSONA | |
| Nombre de persona | Fontenau, Françoise |
| 245 13 - MENCIÓN DE TÍTULO | |
| Título | La ética del silencio : |
| Resto del título | Wittgenstein y Lacan / |
| Mención de responsabilidad, etc. | Françoise Fontenau ; traducción de Victor Goldstein. |
| 260 ## - PUBLICACIÓN, DISTRIBUCIÓN, ETC. (PIE DE IMPRENTA) | |
| Lugar de publicación, distribución, etc. | Buenos Aires : |
| Nombre del editor, distribuidor, etc. | Atuel, |
| Fecha de publicación, distribución, etc. | 2000. |
| 300 ## - DESCRIPCIÓN FÍSICA | |
| Extensión | 250 p. ; |
| Dimensiones | 20 cm. |
| 490 0# - MENCIÓN DE SERIE | |
| Mención de serie | Serie Impar |
| 504 ## - NOTA DE BIBLIOGRAFÍA, ETC. | |
| Bibliografía, etc. | |
| 505 0# - NOTA DE CONTENIDO CON FORMATO | |
| Nota de contenido con formato | Introducción. Lacan y Wittgenstein. 1. Lacan con Wittgenstein -- 2. Lacan comenta y analiza el discurso de Wittgenstein -- I. La identidad. 1. Wittgenstein y la identidad -- 2. Identidady represión. La utilización del concepto de identidad en Freud -- II. La negación. 1. La negación y el pensamiento de Frege -- 2. Freud: la negación -- 3. La jugada del Espíritu Santo de la muerte -- 4. La negación del cogito -- 5. La negatividad y la muerte -- III. La verdad. 1. La preocupación por la verdad para la ciencia -- 2. Preocupación por la verdad en el corazón del sujeto -- 3. ¿Cómo dar cuenta del inconsciente?. El psicoanálisis y su escritura. el matema -- IV. Análisis y silencio. 1. El sujeto silencioso y el analista -- 2. El silencio del analista -- 3. "El analista, guardián del silencio": silencio e inter-dicción -- V. Lo inexplicable y el goce. El silencio de San Juan de la Cruz -- 1. Primer tiempo. El silencio de ascesis: el ascenso hacia la perfección -- 2. Segundo tiempo. La respuesta de Dios: el divino silencio -- 3. Tercer tiempo. El tiempode lo inefable, de lo indecible -- 4.Los decires sobre lo inexpresable - el lenguaje místico del goce. "La puerta estrecha abierta sobre lo real" -- VI. El silencio y lo real. De lo imposible a la necesaria escritura -- 1. Lo imposible re-presentación del silencio: "Un re in ascolto" -- 2. Acerca de la figurabilidad de las pulsiones -- 3. La escritura como fantasma -- 4. Cuestionamiento del silencio y necesidad de su escritura -- conclusión. Lógica y ética del silencio. |
| 600 1# - PUNTO DE ACCESO ADICIONAL DE MATERIA--NOMBRE DE PERSONA | |
| Nombre de persona | Lacan, Jacques, |
| Fechas asociadas al nombre | 1901-1981 |
| Subdivisión general | CRÍTICA E INTERPRETACIÓN |
| 600 1# - PUNTO DE ACCESO ADICIONAL DE MATERIA--NOMBRE DE PERSONA | |
| Nombre de persona | Wittgenstein, Ludwig, |
| Fechas asociadas al nombre | 1889-1951 |
| Subdivisión general | CRÍTICA E INTERPRETACIÓN |
| 650 #4 - PUNTO DE ACCESO ADICIONAL DE MATERIA--TÉRMINO DE MATERIA | |
| Término de materia o nombre geográfico como elemento inicial | PSICOLOGÍA |
| 650 #4 - PUNTO DE ACCESO ADICIONAL DE MATERIA--TÉRMINO DE MATERIA | |
| Término de materia o nombre geográfico como elemento inicial | PSICOANÁLISIS |
| 650 #4 - PUNTO DE ACCESO ADICIONAL DE MATERIA--TÉRMINO DE MATERIA | |
| Término de materia o nombre geográfico como elemento inicial | FILOSOFÍA |
| 942 ## - ELEMENTOS DE PUNTO DE ACCESO ADICIONAL (KOHA) | |
| Fuente del sistema de clasificación o colocación | Clasificación Decimal Universal |
| Tipo de ítem Koha | Libros |
| Estado de retiro | Estado de pérdida | Fuente del sistema de clasificación o colocación | Estado dañado | Excepción de préstamo | Código de colección | Localización permanente | Ubicación/localización actual | Ubicación en estantería | Fecha de adquisición | Número de inventario | Total de préstamos | Signatura topográfica completa | Código de barras | Fecha visto por última vez | Fecha del último préstamo | Número de copia | Precio válido a partir de | Tipo de ítem Koha | Nota pública |
|---|---|---|---|---|---|---|---|---|---|---|---|---|---|---|---|---|---|---|---|
| Clasificación Decimal Universal | Psicología | BIBLIOTECA RIOBAMBA | BIBLIOTECA RIOBAMBA | BIBLIOTECA RIOBAMBA | 22/08/2016 | 3473 | 1 | 159.9:140 FON | 3473 | 20/09/2017 | 19/09/2017 | 1 | 11/10/2016 | Libros | Donación Pablo Zöpke |

